000 02333nam0a2200385 4500
001 RU\NLR\BIBL_A\011629293
005 20260408172655.0
010 _a978-5-9273-2476-7
_9500
035 _a(RuMoRGB)009446710
035 _a(NLR Aleph) 011629293
090 _a11025096
_c11025096
100 _a20180214d2017 |||y0rusy50 ca
101 0 _arus
102 _aRU
105 _aa|||z|||011zy
200 1 _aН. К. Михайловский
_eчеловек. Мыслитель. Общественный деятель
_e(к 175-летию со дня рождения)
_eсборник научных трудов
_fМинистерство образования и науки РФ, Федеральное государственное бюджетное образовательное учреждение высшего образования "Воронежский государственный университет"
_g[редакционная коллегия: д.ист.н. Г. Н. Мокшин (отв. ред.) и др.]
210 _aВоронеж
_cВГУ
_d2017
215 _a299 с.
_cил., портр.
_d21
316 _aС автогр. Талерова (одного из авт.)
_5NLR
320 _aБиблиогр. в конце ст. и в подстроч. примеч.
320 _aБиблиогр. работ о Н.К. Михайловском (1982-2016): с. 284-299
320 _aИмен. указ.: с. 276-281
517 1 _aЧеловек. Мыслитель. Общественный деятель (к 175-летию со дня рождения)
600 1 _aМихайловский
_bН.К.
_f1842 - 1904
_gНиколай Константинович
_91611316
_3RU\NLR\AUTH\66710104
686 _aТ3(2)51-412
686 1 _aТ3(2)52-8
686 1 _aЮ3(2)51-543.3
702 1 _aМокшин
_bГ. Н.
_f1965-
_gГеннадий Николаевич
_4340
702 1 _4570
_7ca
_8rus
_aМихайловский
_bН. К.
_cсоциолог
_f1842-1904
_gНиколай Константинович
_924065
_3RU\NLR\AUTH\7741115
712 0 2 _4570
_aВоронежский государственный университет
_9339578
_3RU\NLR\AUTH\889921742
942 _cBOOK
980 _aNB